Statistics for Countries of North America by Flag-Shape

Click here to take the quiz!

General Stats

  • This quiz has been taken 58 times
  • The average score is 21 of 23

Answer Stats

Answer% Correct
Canada
100%
Cuba
100%
Costa Rica
98%
Jamaica
98%
Mexico
98%
Panama
98%
United States
98%
Bahamas
96%
Barbados
96%
Guatemala
94%
Haiti
94%
Nicaragua
94%
Belize
92%
Dominica
92%
El Salvador
92%
St Lucia
92%
Trinidad and Tobago
92%
Honduras
90%
Dominican Republic
88%
Antigua and Barbuda
86%
Grenada
86%
St Kitts and Nevis
86%
St Vincent and the Grenadines
86%

Score Distribution

Percentile by Number Answered

Percent of People with Each Score

Your Score History

You have not taken this quiz